Normal view
MARC view
- Yilmaz, Özdoğan
Entry Personal Name
001 - CONTROL NUMBER
- control field: 25949
003 - CONTROL NUMBER IDENTIFIER
- control field: IN-BhIIT
005 - DATE AND TIME OF LATEST TRANSACTION
- control field: 20250408130922.0
008 - FIXED-LENGTH DATA ELEMENTS
- fixed length control field: 250408|| aca||aabn | a|a d
040 ## - CATALOGING SOURCE
- Original cataloging agency: IN-BhIIT
- Transcribing agency: IN-BhIIT
100 ## - HEADING--PERSONAL NAME
- Personal name: Yilmaz, Özdoğan
670 ## - SOURCE DATA FOUND
- Source citation: Work cat.: (IN-BhIIT)14805: Yilmaz, Özdoğan. Author, Seismic data analysis :, c2001.